000 00409nam a2200145Ia 4500
008 230917s9999||||xx |||||||||||||| ||und||
040 _e40050
_aMAIN
041 _aEnglish
082 _a822.09 B468T
100 _aBevington, David M
245 0 _aTudor drama and politics: A critical approach to topical meaning
260 _aCambridge
_bCambridge University Press
_c1968
300 _a360 p.
942 _cBK
999 _c187161
_d187161